000 00812nam a2200229 a 4500
001 000004828
005 20200929151520.0
008 090727s1987 dr 001 0 spa d
040 _aDO-SdBNP
_bspa
_cBNPHU
082 _a346.0668
_bC313t
100 1 _aCarrasco, Nelson Eddy,
_d1940-
_914000
245 1 0 _aTemas de derecho cooperativo /
_cEddy Carrasco ; prólogo Lionel Rodríguez Rib.
260 _aSanto Domingo :
_bVisión,
_c1987.
300 _a165 p. ;
_c20 cm.
500 _aIncluye bibliografía y notas al pie de páginas.
504 _aBibliografía: p.163-165
590 _aInventariado, 2018/LP
650 4 _aCooperativas
_xLegislación
_914001
650 4 _aCooperativismo
_xLegislación
_914002
700 1 2 _aRodríguez Rib, Lionel,
_epról.
_914020
910 _aValidado. Control de la calidad EMS.
999 _c4634
_d4634